[Event "TUR Cup"]
[Site "Adapazari"]
[Date "2022.03.28"]
[Round "6"]
[White "Lale, Omer Faruk"]
[Black "Kervancioglu, Talu"]
[Result "1-0"]
[WhiteElo "1771"]
[BlackElo "1497"]
[PlyCount "31"]
[EventDate "2022.03.25"]
[EventType "swiss"]
[EventRounds "11"]
[EventCountry "TUR"]
[SourceTitle "EXT 2023"]
[Source "ChessBase"]
[SourceDate "2022.10.05"]
[SourceVersion "1"]
[SourceVersionDate "2022.10.05"]
[SourceQuality "1"]

1. e4 g6 2. d4 c5 3. Bc4 Bg7 4. Qf3 e6 5. d5 b5 6. Bxb5 Bb7 7. Ne2 Ne7 8. Nbc3 0-0 9. 0-0 f5 10. Bg5 h6 11. Bxe7 Qxe7 12. Rad1 Kh7 13. exf5 Rxf5 14. d6 Bxf3 15. dxe7 Rg5 16. Ng3 1-0

[Event "TUR Cup"]
[Site "Antalya"]
[Date "2020.01.31"]
[Round "9"]
[White "Kervancioglu, Talu"]
[Black "Erdal, Emre"]
[Result "1-0"]
[WhiteElo "1539"]
[BlackElo "1833"]
[PlyCount "101"]
[EventDate "2020.01.26"]
[EventType "swiss"]
[EventRounds "11"]
[EventCountry "TUR"]
[SourceTitle "CBM 194 Extra"]
[Source "ChessBase"]
[SourceDate "2020.03.31"]
[SourceVersion "1"]
[SourceVersionDate "2020.03.31"]
[SourceQuality "1"]

1. e4 c6 2. d4 d5 3. exd5 cxd5 4. c4 Nf6 5. Nc3 Nc6 6. Bg5 e6 7. c5 Be7 8. Bb5 Bd7 9. Nge2 0-0 10. 0-0 h6 11. Bf4 b6 12. Bxc6 Bxc6 13. b4 bxc5 14. bxc5 Nd7 15. Re1 Qa5 16. Qd2 Qd8 17. Nc1 Bf6 18. a4 a6 19. Bd6 Re8 20. f4 Be7 21. Bxe7 Qxe7 22. Nd3 f6 23. Nb4 Rac8 24. Nxc6 Rxc6 25. Nxd5 Qd8 26. Nb4 Rc8 27. Nxa6 Ra8 28. Qd3 Qa5 29. Qb5 Qxa6 30. Qxd7 Qc4 31. Rac1 Qxa4 32. Qxa4 Rxa4 33. d5 Ra6 34. d6 Rc6 35. Red1 Kf7 36. Rd2 Rec8 37. Kf2 e5 38. Ke3 Ke6 39. fxe5 fxe5 40. Ke4 Rf8 41. g3 Rb8 42. Rc4 Rbc8 43. Rd5 Kd7 44. Kxe5 Re8+ 45. Kd4 Re1 46. Re5 Rd1+ 47. Kc3 Rc8 48. Re7+ Kc6 49. Kc2 Rh1 50. Rh4 Kxc5 51. Rc7+ 1-0

[Event "TUR Cup"]
[Site "Antalya"]
[Date "2020.01.30"]
[Round "7"]
[White "Kervancioglu, Talu"]
[Black "Aydin, Leyla"]
[Result "1-0"]
[WhiteElo "1539"]
[BlackElo "1333"]
[PlyCount "125"]
[EventDate "2020.01.26"]
[EventType "swiss"]
[EventRounds "11"]
[EventCountry "TUR"]
[SourceTitle "CBM 194 Extra"]
[Source "ChessBase"]
[SourceDate "2020.03.31"]
[SourceVersion "1"]
[SourceVersionDate "2020.03.31"]
[SourceQuality "1"]

1. e4 e5 2. Nf3 Nc6 3. Bb5 a6 4. Ba4 Nf6 5. d4 exd4 6. 0-0 Be7 7. e5 Ne4 8. Re1 Nc5 9. Bxc6 dxc6 10. Nxd4 0-0 11. Nc3 Re8 12. Be3 Ne6 13. Nf5 Nf8 14. Nxe7+ Qxe7 15. Qf3 Be6 16. Qg3 Ng6 17. Bg5 Qb4 18. Ne4 Bd5 19. a3 Qf8 20. Nc3 h6 21. Bd2 Re6 22. f4 Ne7 23. f5 Nxf5 24. Qg4 Qc5+ 25. Kh1 Nd4 26. Nxd5 Qxd5 27. Bc3 Rg6 28. Qh3 Nxc2 29. Rad1 Qc5 30. Re2 Nxa3 31. bxa3 Qxa3 32. Red2 Re6 33. Rd8+ Rxd8 34. Rxd8+ Kh7 35. Qd3+ g6 36. h3 Qc1+ 37. Kh2 Qf4+ 38. Qg3 Qxg3+ 39. Kxg3 c5 40. Rd7 Kg7 41. Rxc7 b6 42. Kf4 a5 43. Ke4 Kf8 44. Bd2 Kg7 45. Bc3 Kf8 46. h4 a4 47. Bd2 Kg7 48. Ra7 b5 49. Rc7 b4 50. Rxc5 b3 51. Bc1 Ra6 52. Ba3 Rb6 53. Bb2 Ra6 54. e6+ Kf8 55. Rc8+ Ke7 56. Ba3+ Kxe6 57. Re8+ Kf6 58. Be7+ Kg7 59. Ba3 Re6+ 60. Rxe6 fxe6 61. Ke5 Kf7 62. g4 h5 63. g5 1-0

[Event "TUR Cup"]
[Site "Antalya"]
[Date "2020.01.29"]
[Round "5"]
[White "Gur, Gurbuz"]
[Black "Kervancioglu, Talu"]
[Result "1/2-1/2"]
[WhiteElo "1292"]
[BlackElo "1539"]
[PlyCount "76"]
[EventDate "2020.01.26"]
[EventType "swiss"]
[EventRounds "11"]
[EventCountry "TUR"]
[SourceTitle "CBM 194 Extra"]
[Source "ChessBase"]
[SourceDate "2020.03.31"]
[SourceVersion "1"]
[SourceVersionDate "2020.03.31"]
[SourceQuality "1"]

1. e4 d5 2. exd5 Qxd5 3. Nc3 Qd6 4. d4 Nf6 5. Bc4 c6 6. Nge2 Bg4 7. f3 Bf5 8. Bf4 Qd8 9. 0-0 Nbd7 10. Ng3 Bg6 11. Nge4 e6 12. Bb3 Nb6 13. Nxf6+ Qxf6 14. Be5 Qd8 15. Qd2 Bd6 16. Qf4 Bxe5 17. Qxe5 0-0 18. Rad1 Nd5 19. Nxd5 cxd5 20. c3 a5 21. Qe2 Qb6 22. Rf2 a4 23. Bc2 Qxb2 24. Bxg6 Qxe2 25. Bxf7+ Kxf7 26. Rxe2 Rfc8 27. Rc2 Rc4 28. Kf2 Rac8 29. Rdc1 b5 30. Ke2 b4 31. Kd3 Rb8 32. cxb4 Rcxb4 33. Rc7+ Kf6 34. f4 Rb2 35. R1c2 a3 36. R7c3 Rxc2 37. Rxc2 Kf5 38. g3 h5 1/2-1/2

[Event "TUR Cup"]
[Site "Antalya"]
[Date "2020.01.27"]
[Round "3"]
[White "Onem, Cem"]
[Black "Kervancioglu, Talu"]
[Result "1-0"]
[WhiteElo "1805"]
[BlackElo "1539"]
[PlyCount "131"]
[EventDate "2020.01.26"]
[EventType "swiss"]
[EventRounds "11"]
[EventCountry "TUR"]
[SourceTitle "CBM 194 Extra"]
[Source "ChessBase"]
[SourceDate "2020.03.31"]
[SourceVersion "1"]
[SourceVersionDate "2020.03.31"]
[SourceQuality "1"]

1. d4 Nf6 2. c4 c5 3. d5 e6 4. Nc3 exd5 5. cxd5 d6 6. e4 g6 7. Bd3 Bg7 8. h3 0-0 9. Nf3 b5 10. Bxb5 Nxe4 11. Nxe4 Qa5+ 12. Nfd2 Qxb5 13. Nxd6 Qa6 14. N2c4 Nd7 15. 0-0 Ne5 16. Nxc8 Raxc8 17. Ne3 Rfd8 18. Qc2 Nd3 19. Rd1 Nb4 20. Qb1 Bd4 21. Bd2 Nxd5 22. Nxd5 Rxd5 23. Bc3 Rcd8 24. Bxd4 cxd4 25. Qd3 Qb6 26. Rd2 Rb5 27. b3 Rc5 28. Rad1 Qc6 29. Qb1 Rg5 30. g3 Qd7 31. Qe4 Rd5 32. Rd3 Qe6 33. Qf4 Rf5 34. Qh4 g5 35. Qg4 Rfd5 36. Kg2 Qxg4 37. hxg4 f6 38. f4 gxf4 39. gxf4 Kf7 40. Kf3 R5d6 41. R1d2 R8d7 42. Rh2 Kg6 43. Rc2 Ra6 44. a4 Rb6 45. Rc4 Rbd6 46. b4 Kg7 47. b5 Kf7 48. Rc6 Rxc6 49. bxc6 Rc7 50. Rxd4 Rxc6 51. Rd7+ Ke6 52. Rxa7 Rc3+ 53. Kf2 Rc4 54. Kg3 Rc3+ 55. Kh4 Rc4 56. Ra6+ Kf7 57. f5 Rc1 58. Ra7+ Kg8 59. a5 Rh1+ 60. Kg3 Ra1 61. a6 Ra3+ 62. Kf4 Ra4+ 63. Ke3 Ra3+ 64. Ke4 Ra4+ 65. Kd5 Ra5+ 66. Ke4 1-0

[Event "TUR-chT 2nd League"]
[Site "Konya"]
[Date "2019.07.23"]
[Round "3.10"]
[White "Kervancioglu, Talu"]
[Black "Ekinci, Berkay"]
[Result "0-1"]
[WhiteElo "1581"]
[BlackElo "1778"]
[PlyCount "54"]
[EventDate "2019.07.22"]
[EventType "team-swiss"]
[EventRounds "9"]
[EventCountry "TUR"]
[SourceTitle "CBM 191 Extra"]
[Source "ChessBase"]
[SourceDate "2019.09.30"]
[SourceVersion "1"]
[SourceVersionDate "2019.09.30"]
[SourceQuality "1"]
[WhiteTeam "Gaziantep Sader"]
[BlackTeam "Istanbul Sisli"]
[WhiteTeamCountry "TUR"]
[BlackTeamCountry "TUR"]

1. e4 c5 2. Nf3 Nc6 3. d4 cxd4 4. Nxd4 g6 5. Nc3 Bg7 6. Be3 Nf6 7. Bc4 0-0 8. 0-0 Nxe4 9. Nxe4 d5 10. Nxc6 bxc6 11. Bd3 dxe4 12. Bxe4 Qc7 13. Qf3 Bb7 14. c3 f5 15. Bc2 c5 16. Qe2 Kh8 17. Qc4 Rac8 18. f3 e5 19. Rad1 Rf6 20. Rfe1 Rff8 21. Ba4 e4 22. fxe4 fxe4 23. Rd7 Qe5 24. Bf2 Qf5 25. Bb3 Qg5 26. Rf7 Rfd8 27. Qe2 Rd2 0-1

[Event "TUR Cup"]
[Site "Antalya"]
[Date "2019.01.27"]
[Round "1"]
[White "Kervancioglu, Talu"]
[Black "Eren, Alper"]
[Result "0-1"]
[WhiteElo "1535"]
[BlackElo "1919"]
[PlyCount "80"]
[EventDate "2019.01.27"]
[EventType "swiss"]
[EventRounds "11"]
[EventCountry "TUR"]
[SourceTitle "CBM 188 Extra"]
[Source "ChessBase"]
[SourceDate "2019.02.26"]
[SourceVersion "1"]
[SourceVersionDate "2019.02.26"]
[SourceQuality "1"]

1. e4 c5 2. Nf3 e6 3. d4 cxd4 4. Nxd4 a6 5. Nc3 Qc7 6. g3 Nf6 7. Bg2 Bb4 8. Bd2 Nc6 9. Nb3 0-0 10. a3 Be7 11. f4 d5 12. exd5 exd5 13. Nxd5 Nxd5 14. Bxd5 Bf6 15. Qc1 Re8+ 16. Kf2 Bh3 17. c3 Red8 18. Bg2 Bxg2 19. Kxg2 Qb6 20. Qc2 Rac8 21. Rhe1 Nd4 22. Nxd4 Bxd4 23. Qa4 Qxb2 24. Kh1 Bf2 25. Rab1 Qxd2 26. Rbd1 Qxe1+ 27. Rxe1 Bxe1 28. Qe4 Bxc3 29. Qxb7 Rb8 30. Qxa6 Rd2 31. Qf1 Rbd8 32. Qf3 Bd4 33. Qb3 Re8 34. Qb1 Rb2 35. Qc1 h6 36. a4 Kh7 37. Qd1 f5 38. Qxd4 Re1+ 39. Qg1 Rxg1+ 40. Kxg1 Ra2 0-1